| 000 | 00907nam a2200253 u 4500 | ||
|---|---|---|---|
| 005 | 20220523165725.0 | ||
| 008 | 121123s2010 r 000 0 eng d | ||
| 020 | _a9789871566150 (Argentina) | ||
| 020 | _a9788492946013 (España) | ||
| 035 | _aUPN01000188929 | ||
| 049 | _aCG | ||
| 050 | 4 |
_aHN90 M6 _bI4.7 |
|
| 100 | 1 |
_aIllouz, Eva, _d1961- _933347 |
|
| 245 | 1 | 3 |
_aLa salvación del alma moderna : _bterapia, emociones y la cultura de la autoayuda / _cEva Illouz ; tr. por Santiago Llach. |
| 260 |
_aBuenos Aires ; _aMadrid : _bKatz, _c2010. |
||
| 300 | _a316 p. | ||
| 440 | 0 |
_aConocimiento ; _v3063 |
|
| 534 |
_pTítulo original: _tSaving the modern soul : therapy, emotions, and the culture of self-help |
||
| 650 | 4 |
_aVALORES SOCIALES - _zESTADOS UNIDOS _9441 |
|
| 650 | 4 |
_aPSICOANALISIS Y CULTURA _95931 |
|
| 650 | 2 |
_aPsicoterapia _xAspectos sociales _920741 |
|
| 905 | _aLibro | ||
| 999 |
_c161032 _d161032 |
||